Phún phòng ngừa vận hạn = Phún tỏn khớ
Nội dung sách giới thiệu Phún phòng ngừa vận hạn một loại hình cúng của dân tộc Thái, giọng điệu, các công đoạn chuẩn bị cúng, nội dung bài cúng. Gồm các bài cúng phiên âm tiếng Thái và tiếng Việt....
Sparad:
| Materialtyp: | Bok |
|---|---|
| Språk: | Undetermined |
| Publicerad: |
Hà Nội
Hội nhà văn
2016
|
| Ämnen: | |
| Taggar: |
Lägg till en tagg
Inga taggar, Lägg till första taggen!
|
| Thư viện lưu trữ: | Trung tâm Học liệu Trường Đại học Cần Thơ |
|---|
| LEADER | 00947nam a2200205Ia 4500 | ||
|---|---|---|---|
| 001 | CTU_225904 | ||
| 008 | 210402s9999 xx 000 0 und d | ||
| 082 | |a 390.09597 | ||
| 082 | |b Ph512 | ||
| 245 | 0 | |a Phún phòng ngừa vận hạn = | |
| 245 | 0 | |b Phún tỏn khớ | |
| 245 | 0 | |c Hoàng Trần Nghịch, Cà Chung (sưu tầm, giới thiệu) | |
| 260 | |a Hà Nội | ||
| 260 | |b Hội nhà văn | ||
| 260 | |c 2016 | ||
| 520 | |a Nội dung sách giới thiệu Phún phòng ngừa vận hạn một loại hình cúng của dân tộc Thái, giọng điệu, các công đoạn chuẩn bị cúng, nội dung bài cúng. Gồm các bài cúng phiên âm tiếng Thái và tiếng Việt. | ||
| 650 | |a Phong tục tập quán,Manners and customs | ||
| 650 | |z Việt Nam,Vietnam | ||
| 910 | |b dqhieu | ||
| 980 | |a Trung tâm Học liệu Trường Đại học Cần Thơ | ||